00694 2200217 4500001002100000005001700021008004100038020002200079035002400101082001200125090002200137100002900159245011400188250001100302260003300313300002600346500003000372650003900402700001300441990002200454YOGYA-0712000000056020120731233114.0 ind  a978-602-191-117-4 0010-071200000000560 a371.262 aDEP 371.262 Sho S aSHOLEN HAMID, Moh, 1960- aStandar mutu penilaian dalam kelas : Sebuah panduan lengkap dan praktis / Moh. Sholeh Hamid; Editor, Agus Hr. aCet.1. aYogyakartabDiva Pressc2011 a254 hlm,bilusc20 cm aBibliografi : hlm 247-251 aPendidikan-Standar Penilaian Kelas aAgus Hr. aCB-D.11 2011-1829